00000000nam##2200000za#4500
0019.609514
003CaOODSP
00520230131161134
007ta
008150406|1992||||xxc|||||     f|0| 0 eng|d
020 |a0-660-14351-8
022 |a0068-7626
040 |aCaOODSP|beng
043 |an-cn---
0861 |aM42-432E
1102 |aGeological Survey of Canada.
24510|aWalcott's Lower Cambrian olenellid trilobite collection 61K, Mount Robson area, Canadian Rocky Mountains / |cby W. H. Fritz.
260 |aOttawa - Ontario : |bEnergy, Mines and Resources. |c1992.
300 |a65p. : |bfigs., illus., references ; |c28 cm.
4901 |aBulletin|x0068-7626|v432
546 |aRésumés en français
563 |aSoftcover
590 |a92-26|b1992-06-26
69007|aFossils|2gcpds
69007|aPalaeontology|2gcpds
7201 |aFritz, W. H.
830#0|aBulletin,|x0068-7626|v432|w(CaOODSP)9.514768